01466nam a2200313 a 4500001001200000003000800012006001900020007001500039008004100054020001500095020001800110040002100128035002100149050002400170110008600194245029700280260005700577300003500634504004100669533015200710650003600862650002400898655002900922700002100951700002000972710001700992856012601009999001701135ebr10565367CaPaEBRm u cr cn|||||||||120614s2012 dcuad sb 000 0 eng d z0309254167 z9780309254168 aCaPaEBRcCaPaEBR a(OCoLC)79352058314aHV8693b.N38 2012eb2 aNational Research Council (U.S.).bCommittee on Deterrence and the Death Penalty.10aDeterrence and the death penaltyh[electronic resource] /cCommittee on Deterrence and the Death Penalty, Committee on Law and Justice, Division of Behavioral and Social Sciences and Education, National Research Council of the National Academies ; Daniel S. Nagin and John V. Pepper, editors. aWashington, D.C. :bNational Academies Press,c2012. axv, 127 p. :bill. (some col.) aIncludes bibliographical references. aElectronic reproduction.bPalo Alto, Calif. :cebrary,d2011.nAvailable via World Wide Web.nAccess may be limited to ebrary affiliated libraries. 0aPunishment in crime deterrence. 0aCapital punishment. 7aElectronic books.2local1 aNagin, Daniel S.1 aPepper, John V.2 aebrary, Inc.40uhttp://site.ebrary.com/lib/rucke/Doc?id=10565367zAn electronic book accessible through the World Wide Web; click to view c94381d94381